|
|
|
|
| LEADER |
01034nam a2200325 4500 |
| 001 |
DLU110129480 |
| 005 |
##20111223 |
| 040 |
# |
# |
|a DLU
|b eng
|
| 041 |
# |
# |
|a eng
|
| 044 |
# |
# |
|a us
|
| 100 |
# |
# |
|a Drovandi, Christopher C.
|
| 245 |
# |
# |
|a Approximate Bayesian computation using indirect inference /
|c Christopher C. Drovandi, Anthony N. Pettitt, Malcolm J. Faddy.
|
| 653 |
# |
# |
|a Approximate Bayesian computation
|
| 653 |
# |
# |
|a Beta-binomial model
|
| 653 |
# |
# |
|a Indirect inference
|
| 653 |
# |
# |
|a Macroparasite
|
| 653 |
# |
# |
|a Markov process
|
| 653 |
# |
# |
|a Sequential Monte Carlo methods
|
| 700 |
# |
# |
|a Faddy, Malcolm J.
|
| 700 |
# |
# |
|a Pettitt, Anthony N.
|
| 773 |
# |
# |
|t Journal of the Royal Statistical Society
|g Vol. 60, no. 3 (May 2011), p. 317-337
|
| 920 |
# |
# |
|a Phòng Tạp chí -- Trung tâm Thông tin - Thư viện Trường Đại học Đà Lạt
|
| 994 |
# |
# |
|a DLU
|
| 900 |
# |
# |
|a True
|
| 911 |
# |
# |
|a Trương Bảo Trâm Anh
|
| 925 |
# |
# |
|a G
|
| 926 |
# |
# |
|a A
|
| 927 |
# |
# |
|a BB
|
| 980 |
# |
# |
|a Thư viện Trường Đại học Đà Lạt
|